<?xml version="1.0" encoding="UTF-8"?>
<record
    xmlns:xsi="http://www.w3.org/2001/XMLSchema-instance"
    xsi:schemaLocation="http://www.loc.gov/MARC21/slim http://www.loc.gov/standards/marcxml/schema/MARC21slim.xsd"
    xmlns="http://www.loc.gov/MARC21/slim">

  <leader>00451    a2200157   4500</leader>
  <controlfield tag="003">OSt</controlfield>
  <controlfield tag="005">20240112123241.0</controlfield>
  <controlfield tag="008">240112b        |||||||| |||| 00| 0 eng d</controlfield>
  <datafield tag="040" ind1=" " ind2=" ">
    <subfield code="c">oclc</subfield>
  </datafield>
  <datafield tag="082" ind1=" " ind2=" ">
    <subfield code="a">297</subfield>
    <subfield code="b">ALI/M</subfield>
  </datafield>
  <datafield tag="100" ind1=" " ind2=" ">
    <subfield code="a">Ali, Zulfiker</subfield>
    <subfield code="9">10268</subfield>
  </datafield>
  <datafield tag="245" ind1=" " ind2=" ">
    <subfield code="a">Muslim navothanam charithravum varthamanavum /</subfield>
    <subfield code="c">Dr. Zulfiker Ali,</subfield>
  </datafield>
  <datafield tag="260" ind1=" " ind2=" ">
    <subfield code="a">Kerala:</subfield>
    <subfield code="b">KNM,</subfield>
    <subfield code="c">2012</subfield>
  </datafield>
  <datafield tag="300" ind1=" " ind2=" ">
    <subfield code="a">94p</subfield>
  </datafield>
  <datafield tag="942" ind1=" " ind2=" ">
    <subfield code="2">ddc</subfield>
    <subfield code="c">BK</subfield>
    <subfield code="h">297</subfield>
    <subfield code="i">ALI/M</subfield>
    <subfield code="k">297</subfield>
    <subfield code="m">ALI/M</subfield>
  </datafield>
  <datafield tag="952" ind1=" " ind2=" ">
    <subfield code="0">0</subfield>
    <subfield code="1">0</subfield>
    <subfield code="2">ddc</subfield>
    <subfield code="4">0</subfield>
    <subfield code="7">0</subfield>
    <subfield code="8">ISLAM</subfield>
    <subfield code="a">MES</subfield>
    <subfield code="b">MES</subfield>
    <subfield code="c">ISL</subfield>
    <subfield code="d">2024-01-12</subfield>
    <subfield code="l">0</subfield>
    <subfield code="o">297 ALI/M</subfield>
    <subfield code="p">44808</subfield>
    <subfield code="r">2024-01-12 12:33:24</subfield>
    <subfield code="t">2</subfield>
    <subfield code="v">60.00</subfield>
    <subfield code="w">2024-01-12</subfield>
    <subfield code="y">BK</subfield>
    <subfield code="z">GL48R3</subfield>
  </datafield>
  <datafield tag="952" ind1=" " ind2=" ">
    <subfield code="0">0</subfield>
    <subfield code="1">0</subfield>
    <subfield code="2">ddc</subfield>
    <subfield code="4">0</subfield>
    <subfield code="7">0</subfield>
    <subfield code="8">ISLAM</subfield>
    <subfield code="a">MES</subfield>
    <subfield code="b">MES</subfield>
    <subfield code="c">ISL</subfield>
    <subfield code="d">2024-01-12</subfield>
    <subfield code="l">0</subfield>
    <subfield code="o">297 ALI/M</subfield>
    <subfield code="p">44807</subfield>
    <subfield code="r">2024-01-12 12:33:24</subfield>
    <subfield code="t">1</subfield>
    <subfield code="v">60.00</subfield>
    <subfield code="w">2024-01-12</subfield>
    <subfield code="y">BK</subfield>
    <subfield code="z">GL48R3</subfield>
  </datafield>
  <datafield tag="999" ind1=" " ind2=" ">
    <subfield code="c">43184</subfield>
    <subfield code="d">43184</subfield>
  </datafield>
</record>
